| 000 | 01396cam a22003854i 4500 | ||
|---|---|---|---|
| 003 | PE-LiUPU | ||
| 005 | 20250731183400.0 | ||
| 008 | 150623s1998 ctua rb 000 0 eng d | ||
| 020 | _a0300077475 | ||
| 035 | _a(Sirsi) i9780300077476 | ||
| 040 |
_aPE-LiUPU _bspa _cPE-LiUPU _erda |
||
| 049 | _aPRUA | ||
| 082 | 0 | 4 |
_a709.32 _bS61 _223 |
| 100 | 1 |
_aSmith, William Stevenson, _eautor. |
|
| 245 | 1 | 4 |
_aThe art and architecture of ancient Egypt / _cW. Stevenson Smith. |
| 264 | 1 |
_aNew Haven : _bYale University Press, _c1998. |
|
| 300 |
_a296 páginas : _bilustraciones láms, fotos ; _c29 centímetros |
||
| 336 |
_atext _2rdacontent |
||
| 337 |
_aunmediated _2rdamedia |
||
| 338 |
_avolume _2rdacarrier |
||
| 504 | _aIncluye bibliografía. | ||
| 505 | 0 | _aThe prehistoric and early dynastic periods -- The old kingdom -- The growth of the middle kingdom and its collapse -- The new kingdom -- The later periods. | |
| 526 | _aP158 | ||
| 526 | _aP146 | ||
| 526 | _aP17 | ||
| 526 | _aP12 | ||
| 526 | _aP06 | ||
| 650 | 1 | 4 |
_aArte egipcio. _91345 |
| 650 | 2 | 4 |
_aEgipto _zArquitectura. |
| 650 | 2 | 4 |
_aEgipto _xAntigüedades. _93195 |
| 942 |
_2ddc _cBOOK |
||
| 949 |
_a709.32 S61 _wDEWEY _c1 _i47199 _lCCODEBUL1 _mBUL _r0 _sY _tBOOK _u2015-6-24 _xTEOLOGIA _0COMPRA _o.STAFF. Colección Teología |
||
| 999 |
_c23750 _d23750 |
||
| 980 |
_81 _gALBERTO SANCHEZ Responsable de Automatización |
||